Statistics for Imdb.com top 250 Movies - Directors present at least twice

Click here to take the quiz!

General Stats

  • This quiz has been taken 2,377 times
    (2,237 since last reset)
  • The average score is 16 of 48

Answer Stats

N. of movies (codirector)DirectorMovies% Correct
6SPIELBERG STEVENSCHINDLER'S LIST RAIDERS OF THE LOST ARK SAVING PRIVATE RYAN INDIANA JONES AND THE LAST CRUSADE JAWS JURASSIC PARK
93%
7SCORSESE MARTINGOODFELLAS THE DEPARTED TAXI DRIVER THE WOLF OF WALL STREET RAGING BULL CASINO SHUTTER ISLAND
77%
9HITCHCOCK ALFREDREAR WINDOW PSYCHO NORTH BY NORTHWEST VERTIGO REBECCA DIAL M FOR MURDER STRANGERS ON A TRAIN NOTORIOUS ROPE
76%
6 (1)TARANTINO QUENTINPULP FICTION DJANGO UNCHAINED RESERVOIR DOGS INGLORIOUS BASTERDS KILL BILL: VOL. 1 SIN CITY (codirector)
75%
8KUBRICK STANLEYDR. STRANGELOVE OR: HOW I LEARNED TO STOP WORRYING AND LOVE THE BOMB THE SHINING PATHS OF GLORY A CLOCKWORK ORANGE FULL METAL JACKET 2001: A SPACE ODYSSEY BARRY LYNDON THE KILLING
72%
6NOLAN CHRISTOPHERTHE DARK KNIGHT INCEPTION MEMENTO THE DARK KNIGHT RISES THE PRESTIGE BATMAN BEGINS
71%
3COPPOLA FRANCIS FORDTHE GODFATHER THE GODFATHER: PART II APOCALYPSE NOW
70%
3CAMERON JAMESTERMINATOR 2: JUDGMENT DAY ALIENS THE TERMINATOR
61%
3EASTWOOD CLINTUNFORGIVEN GRAN TORINO MILLION DOLLAR BABY
52%
3JACKSON PETERTHE LORD OF THE RINGS: THE RETURN OF THE KING THE LORD OF THE RINGS: THE FELLOWSHIP OF THE RING THE LORD OF THE RINGS: THE TWO TOWERS
51%
3 (3)COEN ETHANTHE BIG LEBOWSKI (codirector) FARGO (codirector) NO COUNTRY FOR OLD MEN (codirector)
49%
3 (3)COEN JOELTHE BIG LEBOWSKI (codirector) FARGO (codirector) NO COUNTRY FOR OLD MEN (codirector)
49%
3SCOTT RIDLEYGLADIATOR ALIEN BLADE RUNNER
49%
2FINCHER DAVIDFIGHT CLUB SE7EN
48%
5KUROSAWA AKIRASHICHININ NO SAMURAI RASHÔMON YOJIMBO IKIRU RAN
47%
5CHAPLIN CHARLESCITY LIGHTS MODERN TIMES THE GREAT DICTATOR THE KID THE GOLD RUSH
41%
2ZEMECKIS ROBERTFORREST GUMP BACK TO THE FUTURE
40%
2WELLES ORSONCITIZEN KANE TOUCH OF EVIL
37%
5LEONE SERGIOIL BUONO, IL BRUTTO, IL CATTIVO C'ERA UNA VOLTA IL WEST ONCE UPON A TIME IN AMERICA PER QUALCHE DOLLARO IN PIÙ PER UN PUGNO DI DOLLARI
36%
6WILDER BILLYSUNSET BLVD. DOUBLE INDEMNITY WITNESS FOR THE PROSECUTION THE APARTMENT SOME LIKE IT HOT STALAG 17
36%
4BERGMAN INGMARDET SJUNDE INSEGLET SMULTRONSTÄLLET PERSONA FANNY OCH ALEXANDER
34%
3CAPRA FRANKIT'S A WONDERFUL LIFE MR. SMITH GOES TO WASHINGTON IT HAPPENED ONE NIGHT
34%
2POLANSKI ROMANTHE PIANIST CHINATOWN
31%
3FELLINI FEDERICO8 1/2 LA STRADA LA DOLCE VITA
29%
6 (1)MIYAZAKI HAYAOSEN TO CHIHIRO NO KAMIKAKUSHI MONONOKE-HIME TONARI NO TOTORO HAURU NO UGOKU SHIRO (codirector) KAZE NO TANI NO NAUSHIKA TENKÛ NO SHIRO RAPYUTA
28%
2DARABONT FRANKTHE SHAWSHANK REDEMPTION THE GREEN MILE
26%
2HOWARD RONRUSH A BEAUTIFUL MIND
24%
2LEAN DAVIDLAWRENCE OF ARABIA THE BRIDGE ON THE RIVER KWAI
24%
2FORMAN MILOSONE FLEW OVER THE CUCKOO'S NEST AMADEUS
22%
3LUMET SIDNEY12 ANGRY MEN NETWORK DOG DAY AFTERNOON
22%
2BOYLE DANNYTRAINSPOTTING SLUMDOG MILLIONAIRE
21%
2HUSTON JOHNTHE TREASURE OF THE SIERRA MADRE THE MALTESE FALCON
21%
3WYLER WILLIAMBEN-HUR THE BEST YEARS OF OUR LIVES ROMAN HOLIDAY
21%
2LANG FRITZM METROPOLIS
18%
2ARONOFSKY DARRENREQUIEM FOR A DREAM BLACK SWAN
16%
2 (1)FLEMING VICTORGONE WITH THE WIND THE WIZARD OF OZ (codirector)
14%
2 (1)JONES TERRYMONTY PYTHON AND THE HOLY GRAIL (codirector) LIFE OF BRIAN
13%
2RITCHIE GUYSNATCH. LOCK, STOCK AND TWO SMOKING BARRELS
12%
2NICHOLS MIKEWHO'S AFRAID OF VIRGINIA WOOLF? THE GRADUATE
11%
2 (1)GILLIAM TERRYMONTY PYTHON AND THE HOLY GRAIL (codirector) TWELVE MONKEYS
10%
2HILL GEORGE ROYTHE STING BUTCH CASSIDY AND THE SUNDANCE KID
9%
2LINKLATER RICHARDBEFORE SUNRISE BEFORE SUNSET
9%
2REINER ROBTHE PRINCESS BRIDE STAND BY ME
8%
2 (1)STANTON ANDREWWALL-E FINDING NEMO (codirector)
7%
3 (2)UNKRICH LEETOY STORY 3 FINDING NEMO (codirector) MONSTERS, INC. (codirector)
7%
3 (3)DOCTER PETEUP (codirector) HAURU NO UGOKU SHIRO (codirector) MONSTERS, INC. (codirector)
5%
2VINTERBERG THOMASJAGTEN FESTEN
3%
2GOWARIKER ASHUTOSHLAGAAN: ONCE UPON A TIME IN INDIA SWADES
1%

Score Distribution

Percentile by Number Answered

Percent of People with Each Score

Your Score History

You have not taken this quiz since the last reset